Al-Ghazzali's Mishkat al-anwar / (Record no. 23668)

MARC details
000 -LEADER
fixed length control field 00671cam a2200229u 4500
001 - CONTROL NUMBER
control field 6265087
003 - CONTROL NUMBER IDENTIFIER
control field BDDh-ASL
005 - DATE AND TIME OF LATEST TRANSACTION
control field 20231015030254.0
008 - FIXED-LENGTH DATA ELEMENTS--GENERAL INFORMATION
fixed length control field 930709s1924 enk 000 0 eng
010 ## - LIBRARY OF CONGRESS CONTROL NUMBER
LC control number tmp82032568
040 ## - CATALOGING SOURCE
Original cataloging agency DLC
Transcribing agency CarP
Modifying agency DLC
-- BDDh-ASL
050 00 - LIBRARY OF CONGRESS CALL NUMBER
Classification number PJ7803
Item number .G53
082 ## - DEWEY DECIMAL CLASSIFICATION NUMBER
Classification number 921
Item number GAA
100 0# - MAIN ENTRY--PERSONAL NAME
Personal name Ghazzālī,
Dates associated with a name 1058-1111.
240 10 - UNIFORM TITLE
Uniform title Mishkāt al-anwār.
Language of a work English
245 13 - TITLE STATEMENT
Title Al-Ghazzali's Mishkat al-anwar /
Remainder of title ("The niche for lights")
260 ## - PUBLICATION, DISTRIBUTION, ETC.
Place of publication, distribution, etc. London :
Date of publication, distribution, etc. 1924.
Name of publisher, distributor, etc. Shaikh Muhammad Ashraf,
300 ## - PHYSICAL DESCRIPTION
Extent 175 p. :
Other physical details 18 cm.
740 0# - ADDED ENTRY--UNCONTROLLED RELATED/ANALYTICAL TITLE
Uncontrolled related/analytical title Niche for lights.
906 ## - LOCAL DATA ELEMENT F, LDF (RLIN)
a 0
b cbc
c premunv
d u
e ncip
f 19
g y-gencatlg
942 ## - ADDED ENTRY ELEMENTS (KOHA)
Source of classification or shelving scheme Dewey Decimal Classification
Koha item type Books
Holdings
Withdrawn status Lost status Source of classification or shelving scheme Damaged status Not for loan Collection code Home library Current library Shelving location Date acquired Source of acquisition Total Checkouts Full call number Barcode Date last seen Copy number Price effective from Koha item type Public note
    Dewey Decimal Classification Damaged   Non-fiction Asiatic Society Library Asiatic Society Library General Stacks 04/01/2021 ASB Library Collections   921 GAA 108167 04/01/2021 C-1 04/01/2021 Books RARE

Powered by Koha